000 00454cam a2200169 4500
001 3065
005 20181127170419.0
008 790823s1980 mau 000 0 eng
010 _a 79020748
020 _a0877792739
245 0 0 _aWebster's instant word guide.
260 _aSpringfield, Mass. :
_bG. & C. Merriam Co.,
_cc1980.
300 _a375 p. ;
_c15 cm.
650 0 _aSpellers.
710 2 _aG. & C. Merriam Company.
740 _aInstant word guide.
999 _c2466
_d2466